banner koha

Propriedades mecânicas dos grãos de soja em função do teor de água (Registro n. 216442)

MARC details
000 -LÍDER
campo de controle de tamanho fixo 00964nas a2200301 4500
001 - NÚMERO DE CONTROLE
campo de controle BR2011007377
003 - IDENTIFICADOR DO NÚMERO DE CONTROLE
campo de controle BR-BrBNA
005 - DATA E HORÁRIO DA ÚLTIMA TRANSAÇÃO
campo de controle 20231205115942.0
007 - CAMPO FIXO DE DESCRIÇÃO FÍSICA--INFORMAÇÃO GERAL
campo de controle de tamanho fixo ta
008 - CAMPO DE DADOS FIXOS--INFORMAÇÃO GERAL
campo de controle de tamanho fixo 230509b bl.|||p| |||| 00| 00por d
040 ## - FONTE DA CATALOGAÇÃO
Instituição da catalogação original BR-BrBNA
Idioma da catalogação por
Instituição que transcreveu o registro Biblioteca Nacional de Agricultura
041 ## - CÓDIGO DE IDIOMA
Código do idioma do texto/trilha sonora ou título diferente (Pt)
072 ## - CÓDIGO DE CATEGORIA DE ASSUNTO
Código de Categoria de Assunto Q02
100 1# - ENTRADA PRINCIPAL--NOME PESSOAL
Nome pessoal Ribeiro, D.M.
100 1# - ENTRADA PRINCIPAL--NOME PESSOAL
Nome pessoal Corrêa, P.C.
100 1# - ENTRADA PRINCIPAL--NOME PESSOAL
Nome pessoal Furtado, B.F.
100 1# - ENTRADA PRINCIPAL--NOME PESSOAL
Nome pessoal Goneli, A.L.D.
100 1# - ENTRADA PRINCIPAL--NOME PESSOAL
Nome pessoal Resende, O.
245 1# - TÍTULO
Título Propriedades mecânicas dos grãos de soja em função do teor de água
650 ## - ASSUNTO--TERMO TÓPICO
Cabeçalho tópico ou nome geográfico PROCESSAMENTO
650 ## - ASSUNTO--TERMO TÓPICO
Cabeçalho tópico ou nome geográfico SECAGEM
650 ## - ASSUNTO--TERMO TÓPICO
Cabeçalho tópico ou nome geográfico UMIDADE
650 ## - ASSUNTO--TERMO TÓPICO
Cabeçalho tópico ou nome geográfico PROPRIEDADE REOLÓGICA
773 0# - ENTRADA ANALÍTICA
Título Engenharia Agrícola (Brazil)
ISSN - International Standard Serial Number ISSN 1808-4389
Partes relacionadas (May-Aug 2007), v.27(2) p. 493-500
Número de controle do registro BR2011007377
856 40 - LOCALIZAÇÃO ELETRÔNICA E ACESSO
Uniform Resource Identifier <a href="http://www.scielo.br/scielo.php?script=sci_arttext<br/>pid=S0100-69162007000300019<br/>lng=pt<br/>nrm=iso<br/>tlng=pt">http://www.scielo.br/scielo.php?script=sci_arttext<br/>pid=S0100-69162007000300019<br/>lng=pt<br/>nrm=iso<br/>tlng=pt</a>
909 ## -
-- 202311
-- Lúcia
-- 55
-- Lúcia Elande
942 ## - ELEMENTOS DE ENTRADA ADICIONADOS (KOHA)
Fonte da classificação ou esquema de arquivamento na estante Classificação AGRIS
Ocultar no OPAC Não
Tipo de material Koha Analítica
Exemplares
Situação do descarte Fonte da classificação ou esquema de arquivamento na estante Situação física Não pode ser emprestado Biblioteca de origem Biblioteca atual Localização na estante Enumeração do periódico / cronologia Total de empréstimos Data de último acesso Número do exemplar Tipo de material Koha Fonte de aquisição
  Classificação AGRIS   Consulta local Biblioteca Nacional de Agricultura - Binagri Biblioteca Nacional de Agricultura - Binagri   (May-Aug 2007), v.27(2) p. 493-500   29/11/2023 01 Periódicos Portaria Interministerial nº 164/94

BINAGRI

Telefone: (61)3218-2567/2388/3357/2097 - binagri@agro.gov.br

Ministério da Agricultura e Pecuária , Esplanada dos Ministérios, Bloco D, Anexo B, Brasília/DF, CEP: 70.043-900